00954nam a2200241Ia 450000100060000000300090000600800410001504000130005604000130006904100150008210000200009710000290011724500510014624500760019725000110027326000140028426000210029826000490031930000570036850002150042565000410064065000310068192860IT-RoPAU130308s9999 xx 000 0 und d aIT-RoPAU cIT-RoPAU aPORTOGHESE aCatao Francisco gCodice Aut. SPICS: 32626 2aA universalidade da salvacao e a evangelizacao bAmerica Latina: 500 Anos de Evangelizacao-Reflexoes Teologico-Pastorais a1a ed. aSAO PAULO bEdicoes Paulinas c1990 [1° Ed.:1990 - Ed.Ling.Originale:1990] a"20 p. (prefazione: no ; testo: 20 [pagine: 62-81])" aUniversalità della salvezza e la Evangelizzazione Evangelizzazione Incarnazione Redenzione Chiesa missione Apostolica della Chiesa Opera Evangelizzatrice Vangelo e Mondo Chiesa nel Mondo Teologia e Modernita' aSAGGI TEOLOGIA COMUNICAZIONE SOCIALE eCodice materia Spics: 9211